LEADER 01123nam a2200253 i 4500 001 000000086181 003 CaOOAMICUS 005 20111219000000.0 008 111219s1948 it u000 u ita u 013 $a58421 040 $aSeMil$bita 100 1 $aCalmette, Joseph.$0(OLS)http://semarc/name/22138 240 10$aCharlemagne : sa vie et son oeuvre.$0(OLS)http://semarc/title/132574 245 10$aCarlomagno /$cdi Joseph Calmette ; prefazione di Giorgio Falco. 260 $aTorino :$bFrancesco de Silva,$c1948. 300 $aXVI, 329 p. ;$c22 cm. 490 0 $aMaestri e compagni : biblioteca di studi critici e morali ;$v9 600 04$aCarlo : Magno .$0(OLS)http://semarc/subject/10938 700 1 $aFalco, Giorgio,$d<1888-1966>.$0(OLS)http://semarc/name/14965 830 0$aMaestri e compagni ;$v9.$0(OLS)http://semarc/title/18000 850 $aSeMil 852 $aSeMil$W1$xVenegono$y1$m3T IV 147$j49939$B49939$CSeMilBibl$Z2$F53780 $81 996 $6245$aCarlomagno$9(OLS)http://semarc/title/132573 996 $6260$aTorino :$bFrancesco de Silva$9(OLS)http://semarc/publisher/35834 LEADER 01124nam a2200253 i 4500 001 000000175415 003 CaOOAMICUS 005 20081119000000.0 008 081119s1968 it u000 u ita u 013 $a152895 040 $aSeMil$bita 100 1 $aZedda, Silverio,$c.$0(OLS)http://semarc/name/1055 245 10$aIncontro con Dio nel Nuovo Testamento :$bCorso di Esercizi spirituali biblici /$cSilverio Zedda. 260 $aTreviso :$bTrevigiana,$cimprim. 1968. 300 $a322 p. ;$c20 cm. 490 0 $aVerba vitae ;$v26 500 $aDono di don Romano Martinelli. 650 4$aEsercizi spirituali - Testi.$0(OLS)http://semarc/subject/3261 830 0$aVerba vitae / Associazione Biblica Italiana ;$v26.$0(OLS)http://semarc/title/22031 850 $aSeMil 852 $aSeMil$W1$xVenegono$y1$m3F IV 216$j126237$B126237$CSeMilBibl$Z2$F140704 $81 961 $aOmaggio: Martinelli don Romano 996 $6245$aIncontro con Dio nel Nuovo Testamento :$bCorso di Esercizi spirituali biblici$9(OLS)http://semarc/title/251594 996 $6260$aTreviso :$bTrevigiana$9(OLS)http://semarc/publisher/31548